000 00647nam a2200217Ia 4500
003 OSt
005 20250429111703.0
008 210210b1999 xxu||||| |||| 00| 0 eng d
040 _cAL
041 _akan
082 _aK494 CHIK
100 _aCHIDAMBARA DIKSHITH
_9209046
110 _bಚಿದಂಬರ ದೀಕ್ಷಿತ್
_9209047
245 _aKannada bhasha mimamse:
_bಕನ್ನಡ ಭಾಷಾ ಮಿಮಾಂಸೆ
260 _aBengaluru
_bKannada Mattu Samskrathi Nirdeshanalaya.,
_c1999
300 _a342
650 _aKannada Bhashe
_9209048
690 _aKannada Language
_9209049
906 _a057731
942 _2ddc
_cBK
999 _c105258
_d105258